उत्तरकथा / (Record no. 36198)
[ view plain ]
| 000 -LEADER | |
|---|---|
| fixed length control field | 01464nam a22003137a 4500 |
| 005 - DATE AND TIME OF LATEST TRANSACTION | |
| control field | 20180911143958.0 |
| 008 - FIXED-LENGTH DATA ELEMENTS--GENERAL INFORMATION | |
| fixed length control field | 100519t xxu||||| |||| 00| 0 hin d |
| 010 ## - LCCN (DPL NO) | |
| LC control number | HIN-89361-62 |
| 020 ## - INTERNATIONAL STANDARD BOOK NUMBER | |
| International Standard Book Number | 8180310442 |
| Terms of availability | 400.00 |
| 020 ## - INTERNATIONAL STANDARD BOOK NUMBER | |
| International Standard Book Number | 8180310450 |
| Terms of availability | 400.00 |
| 035 ## - SYSTEM CONTROL NUMBER | |
| System control number | HN-61707-708 |
| 035 ## - SYSTEM CONTROL NUMBER | |
| System control number | B-416364-369 ,B-193852, B-193864 |
| 037 ## - SOURCE OF ACQUISITION | |
| Source of stock number/acquisition | DBAD / PUB |
| 037 ## - SOURCE OF ACQUISITION | |
| Source of stock number/acquisition | लोकभारती प्रकाशन/ PUB |
| 040 ## - CATALOGING SOURCE | |
| Original cataloging agency | DPL |
| Language of cataloging | HN |
| 082 ## - DEWEY DECIMAL CLASSIFICATION NUMBER | |
| Classification number | उ |
| 100 ## - MAIN ENTRY--PERSONAL NAME | |
| Personal name | मेहता, नरेश |
| 9 (RLIN) | 18586 |
| 245 ## - TITLE STATEMENT | |
| Title | उत्तरकथा / |
| Statement of responsibility, etc | श्री नरेश मेहता |
| 246 ## - VARYING FORM OF TITLE | |
| Title proper/short title | Uttarkatha/ |
| Remainder of title | by Shree Naresh Mehata |
| 250 ## - EDITION STATEMENT | |
| Edition statement | 3रा संस्क |
| 260 ## - PUBLICATION, DISTRIBUTION, ETC. (IMPRINT) | |
| Place of publication, distribution, etc | इलाहाबाद |
| Name of publisher, distributor, etc | लोकभारती प्रकाशन |
| Date of publication, distribution, etc | 2005 |
| 270 ## - ADDRESS | |
| Address | 15-ए, महात्मा गांधी मार्ग |
| City | इलाहाबाद |
| Postal code | 1 |
| 300 ## - PHYSICAL DESCRIPTION | |
| Extent | 2भाग (514पृ.;532पृ) |
| Dimensions | 22सेमी (सजिल्द) |
| 500 ## - GENERAL NOTE | |
| General note | दो भागों में प्रकाशित । मूल्य 400.00 (प्रति भाग) |
| 650 ## - SUBJECT ADDED ENTRY--TOPICAL TERM | |
| Topical term or geographic name as entry element | हिन्दी लघु कथा |
| 9 (RLIN) | 18587 |
| 650 ## - SUBJECT ADDED ENTRY--TOPICAL TERM | |
| Topical term or geographic name as entry element | Hindi Fiction |
| 9 (RLIN) | 18588 |
| 942 ## - ADDED ENTRY ELEMENTS (KOHA) | |
| Source of classification or shelving scheme | Dewey Decimal Classification |
| Item type | Hindi Books |
| Call number suffix | मेहता |
| Classification part | उ |
| Withdrawn status | Lost status | Source of classification or shelving scheme | Materials specified (bound volume or other part) | Damaged status | Not for loan | Collection code | Home library | Current library | Date acquired | Source of acquisition | Cost, normal purchase price | Total Checkouts | Full call number | Barcode | Date last seen | Copy number | Cost, replacement price | Koha item type | Public note | Total Renewals |
|---|---|---|---|---|---|---|---|---|---|---|---|---|---|---|---|---|---|---|---|---|
| Dewey Decimal Classification | भा.1 | Fiction | Central Library | Central Library | 12/11/2010 | लोकभारती प्रकाशन/535/10.07.10/26/02.07.10/26.07.10 | 400.00 | 2 | उ मेहता | B-416364 | 01/03/2021 | 1 | 400.00 | Hindi Books | भा.1 | |||||
| Dewey Decimal Classification | भा.2 | Fiction | Central Library | Central Library | 12/11/2010 | लोकभारती प्रकाशन/535/10.07.10/26/02.07.10/26.07.10 | 400.00 | 1 | उ मेहता | B-416365 | 15/03/2025 | 1 | 400.00 | Hindi Books | भा.2 | 1 | ||||
| Dewey Decimal Classification | भाग-1 | Not For Loan | Non-fiction | D.B.Act.Division | D.B.Act.Division | 19/05/2010 | DBAD / PUB | 400.00 | मेहता | HN-61707 | 19/05/2010 | 1 | 400.00 | Hindi Books | ||||||
| Dewey Decimal Classification | भाग-2 | Not For Loan | Non-fiction | D.B.Act.Division | D.B.Act.Division | 19/05/2010 | DBAD / PUB | 400.00 | मेहता | HN-61708 | 19/05/2010 | 1 | 400.00 | Hindi Books | ||||||
| Dewey Decimal Classification | भा.1 | Fiction | Sarojini Nagar | Sarojini Nagar | 12/11/2010 | लोकभारती प्रकाशन/535/10.07.10/26/02.07.10/26.07.10 | 400.00 | उ मेहता | B-416366 | 12/11/2010 | 1 | 400.00 | Hindi Books | भा.1 | ||||||
| Dewey Decimal Classification | भा.2 | Fiction | Sarojini Nagar | Sarojini Nagar | 12/11/2010 | लोकभारती प्रकाशन/535/10.07.10/26/02.07.10/26.07.10 | 400.00 | उ मेहता | B-416367 | 12/11/2010 | 1 | 400.00 | Hindi Books | भा.2 | ||||||
| Dewey Decimal Classification | भाग-2 | Fiction | Sarojini Nagar | Sarojini Nagar | 16/10/2021 | उ मेहता | B-193854 | 16/10/2021 | 400.00 | Hindi Books | ||||||||||
| Dewey Decimal Classification | भा.1 | Fiction | Shahdara Branch | Shahdara Branch | 12/11/2010 | लोकभारती प्रकाशन/535/10.07.10/26/02.07.10/26.07.10 | 400.00 | 4 | उ मेहता | B-416368 | 09/12/2024 | 1 | 400.00 | Hindi Books | भा.1 | 3 | ||||
| Dewey Decimal Classification | भा.1 | Fiction | Shahdara Branch | Shahdara Branch | 12/11/2010 | लोकभारती प्रकाशन/535/10.07.10/26/02.07.10/26.07.10 | 400.00 | 3 | उ मेहता | B-416369 | 24/11/2021 | 1 | 400.00 | Hindi Books | भा.1 | |||||
| Dewey Decimal Classification | Fiction | Shahdara Branch | Shahdara Branch | 11/09/2018 | BPPD/PUB | 400.00 | उ मेहता | B-193864 | 11/09/2018 | 400.00 | Hindi Books | |||||||||
| Dewey Decimal Classification | Fiction | Tri Nagar | Tri Nagar | 30/08/2018 | BPPD/PUB | 400.00 | उ मेहता | B-193852 | 30/08/2018 | 400.00 | Hindi Books | |||||||||
| Dewey Decimal Classification | Fiction | Yojana Vihar | Yojana Vihar | 23/07/2019 | BPPD/PUB | 400.00 | उ मेहता | B-193865 | 23/07/2019 | 400.00 | Hindi Books |
